Genio y figura de ricardo guiraldes /

Guardado en:
Autor Principal: Bordelois, Ivonne
Formato: Libro
Publicado: Buenos Aires : Eudeba, 1966
Series:Biblioteca De America
Materias:
Etiquetas: Agregar Etiqueta
Sin Etiquetas, Sea el primero en etiquetar este registro!
LEADER 00551nam a22001815a 4500
001 EHU.bham024409
003 AR-BHAM
005 20120903154228.0
008 130507s1966##################000#0#####d
082 A 8 |a 863.407 
100 1 |a Bordelois, Ivonne 
245 1 0 |a Genio y figura de ricardo guiraldes /  |c Ivonne Bordelois 
260 |a Buenos Aires :  |b Eudeba,  |c 1966 
300 |a 191 p. 
490 0 |a Biblioteca De America 
653 |a Donacion lejarraga 
653 |a Literatura argentina 
859 |a AR-BHAM  |b BIB. HUMANIDADES - General  |h A863.407  |i B644-3  |k A  |p 149.02  |t Ej.1